Statistiques concernant Culture Générale - Série 824

Cliquez ici pour prendre le quiz!

Statistiques générales

  • Ce quiz a été pris 128 fois
  • Le résultat moyen est 5 sur 10

Statistiques - réponses

QuestionRéponse% Correct
Je peux être "de bouteille", "de-basse-fosse" ou "de-sac", que suis-je ?cul
89%
Au Japon, comment appelle-t-on une femme chanteuse, danseuse, hôtesse, artiste et entraîneuse ayant reçu une éducation spécifiquegeisha
85%
De quelle région de France provient le fromage appelé "niolo" ?Corse
58%
Unité utilisée pour spécifier les définitions d'affichage (largeur × hauteur) d'une imagepixel
58%
A l'intérieur de la noix, on déguste les deux ...cerneaux
54%
C'est le plus ancien pont de VeniseRialto
48%
En 1981, quelle actrice française a incarné la "James Bond girl" dans "Rien que pour vos yeux" ?Carole Bouquet
34%
A quelle partie du corps humain correspond l'hélix ?oreille
34%
Conifère alpin pouvant atteindre 20 à 45 m de hauteur et appelé parfois pin de Briançonmélèze
22%
Comment appelle-t-on les poils situés dans les narines de l'homme ?vibrisses
15%

Distribution des résultats

Percentile par nombre de réponses

% des personnes avec chaque résultat

Votre développement - résultats

Vous n’avez pas pris ce quiz